[Event "5R-LV-D.H.- Arrasate-Arlutz - San Juan: 1'5-2'5"]
[Site "Bergara"]
[Date "2017.02.11"]
[Round "5.2"]
[White "Zamarbide Inarrea, Borja"]
[Black "Hernando Casas, Jose Manuel"]
[Result "1-0"]
[WhiteElo "2058"]
[BlackElo "2002"]
[PlyCount "68"]
[EventDate "2017.01.14"]

1. f4 d5 2. Nf3 Nf6 3. e3 e6 4. b3 Be7 5. Bb2 O-O 6. g3 c5 7. Bg2 Nc6 8. O-O b6
9. d3 Bb7 10. Nbd2 Qc7 11. Qe2 b5 12. Ne5 Nxe5 13. Bxe5 Qb6 14. Rae1 a5 15. e4
c4+ 16. Kh1 cxd3 17. cxd3 dxe4 18. dxe4 a4 19. Bxf6 Bxf6 20. e5 Bxg2+ 21. Kxg2
Be7 22. Ne4 axb3 23. axb3 Ra3 24. Rf3 Rfa8 25. Rc1 Bb4 26. Rd3 h6 27. Kh3 Ra2
28. Qh5 Qb7 29. Qf3 Qb6 30. Rd7 R2a7 31. Rcd1 Kf8 32. Qh5 Rxd7 33. Rxd7 Be7 34.
Nd6 g6 1-0

[Event "5R-LV-D.H.- Sestao Bizkaialde 'A - Leioako/Altzaga: 3'5-0'5"]
[Site "Bergara"]
[Date "2017.02.11"]
[Round "5.3"]
[White "Del Rio De Angelis, Salvador G"]
[Black "Gonzalez Pereira, Asier"]
[Result "1-0"]
[WhiteElo "2527"]
[BlackElo "2121"]
[PlyCount "53"]
[EventDate "2017.01.14"]

1. d4 Nf6 2. Nf3 d5 3. c4 e6 4. Nc3 dxc4 5. e4 b5 6. e5 Nd5 7. Nxb5 Nb6 8. Be2
Nc6 9. O-O Ba6 10. Nc3 Be7 11. a3 Bb7 12. Be3 Na5 13. Qc2 O-O 14. Ne4 Qd5 15.
Nc5 Bc6 16. Rad1 h6 17. Rfe1 Rab8 18. Bf1 Nb3 19. Nxb3 cxb3 20. Qc1 Rfc8 21.
Bxh6 gxh6 22. Qxh6 Nd7 23. Re3 Nf8 24. Bd3 Be8 25. Ne1 Ng6 26. Bxg6 fxg6 27.
Rh3 1-0

[Event "5R-LV-D.H.- Sestao Bizkaialde 'A - Leioako/Altzaga: 3'5-0'5"]
[Site "Bergara"]
[Date "2017.02.11"]
[Round "5.3"]
[White "Llano Olabarrieta, Joseba"]
[Black "Trigo Urquijo, Sergio"]
[Result "1/2-1/2"]
[WhiteElo "2112"]
[BlackElo "2407"]
[PlyCount "85"]
[EventDate "2017.01.14"]

1. e4 e5 2. Nf3 Nc6 3. Bb5 a6 4. Ba4 Nf6 5. O-O Be7 6. d3 b5 7. Bb3 d6 8. a3
O-O 9. Nc3 Bg4 10. Be3 Qd7 11. Nd5 Kh8 12. Nxf6 Bxf6 13. c3 Be7 14. h3 Bh5 15.
g4 Bg6 16. Nh2 Nd8 17. Kg2 Ne6 18. Qd2 c6 19. Nf3 h6 20. a4 Bf6 21. axb5 axb5
22. Rxa8 Rxa8 23. Re1 Kg8 24. g5 hxg5 25. Nxg5 d5 26. Nxe6 Qxe6 27. Bg5 Rd8 28.
Bxf6 Qxf6 29. exd5 cxd5 30. Qe3 e4 31. dxe4 dxe4 32. Rd1 Re8 33. Rd5 Re5 34.
Rxe5 Qxe5 35. Qg3 Qf5 36. Qg4 Qf6 37. Bd1 Bf5 38. Qg3 Kh7 39. Be2 b4 40. cxb4
Qxb2 41. Qh4+ Kg8 42. Qd8+ Kh7 43. Qh4+ 1/2-1/2

[Event "5R-LV-D.H.- Sestao Bizkaialde 'A - Leioako/Altzaga: 3'5-0'5"]
[Site "Bergara"]
[Date "2017.02.11"]
[Round "5.3"]
[White "Iruzubieta Villaluenga, Jesus"]
[Black "Barbazan Bilbao, Xabier"]
[Result "1-0"]
[WhiteElo "2413"]
[BlackElo "2028"]
[PlyCount "83"]
[EventDate "2017.01.14"]

1. e4 c5 2. Nf3 d6 3. d4 cxd4 4. Nxd4 Nf6 5. f3 g6 6. c4 Bg7 7. Be3 O-O 8. Nc3
Nc6 9. Qd2 Nxd4 10. Bxd4 Be6 11. Rc1 Qa5 12. Be3 Rfc8 13. b3 a6 14. Na4 Qxd2+
15. Kxd2 Nd7 16. Be2 f5 17. exf5 gxf5 18. h3 d5 19. c5 d4 20. Bg5 Kf7 21. Rhe1
h6 22. Bh4 Bf6 23. Bxf6 Kxf6 24. f4 Bd5 25. Bc4 Be4 26. g4 Rc7 27. Bd3 Rac8 28.
Bxe4 fxe4 29. Rxe4 b5 30. Nb6 Nxc5 31. Rxc5 Rxc5 32. Nd7+ Kf7 33. Nxc5 Rxc5 34.
Rxd4 Kf6 35. Rd8 Rc6 36. Rb8 e6 37. Kd3 e5 38. f5 Rd6+ 39. Ke4 Rd4+ 40. Ke3 Rd6
41. Re8 h5 42. Rh8 1-0

[Event "5R-LV-D.H.- Sestao Bizkaialde 'A - Leioako/Altzaga: 3'5-0'5"]
[Site "Bergara"]
[Date "2017.02.11"]
[Round "5.3"]
[White "Ostolazaga Barragan, Eneko"]
[Black "Ruiz Gomez, Alejandro"]
[Result "0-1"]
[WhiteElo "2007"]
[BlackElo "2367"]
[PlyCount "88"]
[EventDate "2017.01.14"]

1. Nf3 d5 2. d4 Nf6 3. c4 c6 4. Nc3 a6 5. cxd5 cxd5 6. Bf4 Nc6 7. e3 Bf5 8. Bd3
Bxd3 9. Qxd3 e6 10. h3 Be7 11. a3 O-O 12. O-O Nd7 13. Rac1 Nb6 14. Rfd1 Rc8 15.
e4 Re8 16. Rc2 h6 17. g3 Bf8 18. h4 Nc4 19. Re2 b5 20. Bc1 Qd7 21. Kg2 Red8 22.
e5 Rb8 23. Nh2 b4 24. axb4 Rxb4 25. Ng4 h5 26. Nh2 Rdb8 27. Qf3 Nxb2 28. Bxb2
Rxb2 29. Qxh5 R2b3 30. Re3 R8b4 31. Ng4 Rxd4 32. Qg5 Kh7 33. Qh5+ Kg8 34. Qg5
Rxg4 35. Qxg4 Qb7 36. Kh2 Ne7 37. Ne2 Rxe3 38. fxe3 Nf5 39. Qf3 Qb2 40. Kh3
Qxe5 41. Rd3 Bd6 42. Nf4 a5 43. Nxd5 Nxg3 44. Ne7+ Bxe7 0-1

[Event "5R-LV-D.H.- Batalla - Orvina 'A: 2'5-1'5"]
[Site "Bergara"]
[Date "2017.02.11"]
[Round "5.4"]
[White "Alonso Arburu, Juan Ignacio"]
[Black "Garbisu De Goni, Unai"]
[Result "1-0"]
[WhiteElo "2398"]
[BlackElo "2423"]
[PlyCount "200"]
[EventDate "2017.01.14"]

1. d4 f5 2. Nf3 d6 3. g3 Nf6 4. Bg2 g6 5. b4 Bg7 6. O-O O-O 7. a4 Qe8 8. Bb2
Nc6 9. b5 Nd8 10. c4 e5 11. dxe5 Ng4 12. Nc3 Nxe5 13. Nxe5 dxe5 14. Qb3 Ne6 15.
Ba3 Rf7 16. e3 e4 17. Rfd1 Ng5 18. Ra2 Be6 19. Rad2 c6 20. bxc6 bxc6 21. Ne2
Bf6 22. Bd6 Rd7 23. Qb4 Qf7 24. Nd4 Bxc4 25. h4 a5 26. Qc5 Ne6 27. Qxc4 Nxd4
28. Rxd4 Bxd4 29. Qxc6 Rad8 30. Rxd4 Qe6 31. Bf1 Rxd6 32. Bc4 Rxc6 33. Bxe6+
Rxe6 34. Rxd8+ Kf7 35. Rd5 Rc6 36. Rxa5 Rc1+ 37. Kg2 Ra1 38. h5 Kf6 39. hxg6
hxg6 40. g4 fxg4 41. Kg3 Rg1+ 42. Kh2 Ra1 43. Kg2 Ra3 44. Ra8 Ra1 45. a5 Kg5
46. a6 Ra2 47. a7 Ra1 48. Kg3 Rg1+ 49. Kh2 Ra1 50. Kg2 Ra2 51. Kg3 Ra1 52. Re8
Rxa7 53. Re5+ Kf6 54. Rxe4 Ra1 55. Kxg4 Rg1+ 56. Kf3 Ra1 57. Rb4 Ra5 58. Rb6+
Kf7 59. Kg4 Ra2 60. f3 Rg2+ 61. Kf4 Rg1 62. e4 Rg2 63. Ke5 Rg5+ 64. Kd4 Ra5 65.
Rd6 Ra3 66. f4 Ra4+ 67. Ke5 Ra5+ 68. Rd5 Ra7 69. Rb5 Re7+ 70. Kd4 Rd7+ 71. Rd5
Ra7 72. Rc5 Rd7+ 73. Kc4 Rd1 74. Rc7+ Ke6 75. Rc6+ Kf7 76. Ra6 Rd2 77. e5 Rg2
78. Kd5 Rd2+ 79. Ke4 Rg2 80. Ra1 Re2+ 81. Kf3 Rb2 82. Ra7+ Kf8 83. Rd7 Ra2 84.
Rb7 Ra1 85. Rb6 Kf7 86. Rf6+ Kg7 87. Rd6 Kf7 88. Rd7+ Kf8 89. Rd3 Kf7 90. Rb3
Rf1+ 91. Ke4 Re1+ 92. Kd4 Rd1+ 93. Rd3 Ra1 94. Ke4 Ra4+ 95. Rd4 Ra5 96. Rd7+
Kf8 97. e6 Ra6 98. Ke5 Ra4 99. Rf7+ Kg8 100. Re7 Kf8 1-0

[Event "5R-LV-D.H.- Batalla - Orvina 'A: 2'5-1'5"]
[Site "Bergara"]
[Date "2017.02.11"]
[Round "5.4"]
[White "Ortega Lopez, Mikel"]
[Black "Cruz-Lopez Claret, Carlos"]
[Result "1-0"]
[WhiteElo "2258"]
[BlackElo "2287"]
[PlyCount "41"]
[EventDate "2017.01.14"]

1. e4 e5 2. Nf3 Nc6 3. Bb5 a6 4. Bxc6 dxc6 5. O-O Bg4 6. h3 h5 7. d4 Bxf3 8.
Qxf3 exd4 9. Rd1 Qd7 10. c3 c5 11. Be3 O-O-O 12. cxd4 cxd4 13. Rxd4 Qe6 14.
Rxd8+ Kxd8 15. Nc3 Kc8 16. Nd5 Bd6 17. Rc1 Ne7 18. Bf4 Nc6 19. Bxd6 cxd6 20.
Qe3 Rh6 21. Qa7 1-0

[Event "5R-LV-D.H.- Batalla - Orvina 'A: 2'5-1'5"]
[Site "Bergara"]
[Date "2017.02.11"]
[Round "5.4"]
[White "Munoz Perez, Ivan"]
[Black "Urriza Iricibar, Pablo"]
[Result "1/2-1/2"]
[WhiteElo "2227"]
[BlackElo "2174"]
[PlyCount "45"]
[EventDate "2017.01.14"]

1. e4 e6 2. d4 d5 3. Nd2 Nc6 4. Ngf3 Nf6 5. e5 Nd7 6. c3 f6 7. exf6 Qxf6 8. Nb3
Bd6 9. Bg5 Qf7 10. Bh4 O-O 11. Be2 h6 12. O-O e5 13. dxe5 Ndxe5 14. Bg3 Nc4 15.
Bxd6 Nxd6 16. Nbd4 Nxd4 17. Qxd4 c6 18. Bd3 Bf5 19. Ne5 Qf6 20. Rad1 Rfe8 21.
f4 a6 22. a4 Re7 23. Bxf5 1/2-1/2

[Event "5R-LV-D.H.- Batalla - Orvina 'A: 2'5-1'5"]
[Site "Bergara"]
[Date "2017.02.11"]
[Round "5.4"]
[White "Cinza Lopez, Javier"]
[Black "Serras Uria, Antonio"]
[Result "0-1"]
[WhiteElo "1990"]
[BlackElo "2224"]
[PlyCount "114"]
[EventDate "2017.01.14"]

1. e4 c5 2. Nf3 d6 3. Bb5+ Nd7 4. O-O Ngf6 5. Re1 a6 6. Bf1 e6 7. c3 Be7 8. d4
O-O 9. a4 e5 10. dxe5 Nxe5 11. Nxe5 dxe5 12. Qc2 b6 13. c4 Bb7 14. Nc3 Re8 15.
Nd5 Rc8 16. Rd1 Nxd5 17. cxd5 Bd6 18. Be3 Qe7 19. Bc4 Qc7 20. Rf1 Ra8 21. g3
Bc8 22. f4 f6 23. Rf2 Kh8 24. f5 Bd7 25. g4 b5 26. Be2 c4 27. Qd2 Rec8 28. Rc1
Qd8 29. Kh1 Qe7 30. Rg2 Bb4 31. Qc2 Bc5 32. Bd2 Rab8 33. Rf1 Bd4 34. a5 b4 35.
Bxc4 Rxc4 36. Qxc4 Bb5 37. Qc1 Bxf1 38. Qxf1 Qc5 39. Qxa6 Qc2 40. Qe2 Qxb2 41.
Qd1 Qa3 42. Bc1 Qa1 43. Qc2 b3 44. Qc7 Ra8 45. Qc6 Qxa5 46. h3 Rb8 47. Kh2 h6
48. Bxh6 b2 49. Bxg7+ Kxg7 50. g5 b1=Q 51. gxf6+ Kh8 52. f7 Bg1+ 53. Kg3 Qa3+
54. Kh4 Qxe4+ 55. Rg4 Qe7+ 56. f6 Qh7+ 57. Kg5 Be3+ 0-1

[Event "1R-LV-P.D.- Calasanz - Portugalete: 2-2"]
[Site "Bergara"]
[Date "2017.01.14"]
[Round "1.1"]
[White "Garcia Gomez, Pio Jesus"]
[Black "Perez Fernandez, Modesto"]
[Result "1-0"]
[WhiteElo "2247"]
[BlackElo "2094"]
[PlyCount "115"]
[EventDate "2017.01.14"]

1. e4 c5 2. Nf3 e6 3. d4 cxd4 4. Nxd4 Nc6 5. Nc3 Qc7 6. Be2 a6 7. O-O Nf6 8. a3
b5 9. Nxc6 dxc6 10. f4 Bc5+ 11. Kh1 O-O 12. e5 Nd5 13. Ne4 Be7 14. Bd3 f5 15.
exf6 Bxf6 16. Qh5 g6 17. Nxf6+ Rxf6 18. Qg5 Rf7 19. b3 Qe7 20. Qe5 Qf6 21. Bb2
Bd7 22. c4 Qxe5 23. Bxe5 Ne3 24. Rf3 Ng4 25. Bd6 Rd8 26. c5 Nf6 27. a4 Ne8 28.
Be5 Bc8 29. Be4 Bb7 30. axb5 axb5 31. h4 Nf6 32. Bd3 Ng4 33. Bd6 e5 34. Raf1
exf4 35. Rxf4 Nh6 36. Bc2 Bc8 37. b4 Be6 38. Re1 Bd5 39. Rxf7 Nxf7 40. Bf4 Kf8
41. Kg1 Re8 42. Rxe8+ Kxe8 43. g4 Bf3 44. g5 Ke7 45. Kf2 Bg4 46. Kg3 Be6 47.
Be4 Nd8 48. Be5 Kd7 49. Bf6 Nf7 50. h5 Bf5 51. Bxf5+ gxf5 52. Kf4 Ke6 53. Bc3
Nd8 54. g6 hxg6 55. hxg6 Ke7 56. Kxf5 Kf8 57. Kf6 Kg8 58. Ke7 1-0

[Event "1R-LV-P.D.- Calasanz - Portugalete: 2-2"]
[Site "Bergara"]
[Date "2017.01.14"]
[Round "1.1"]
[White "Ayesta Perojo, Enrique"]
[Black "Pastor Pons, Carlos Luis"]
[Result "1/2-1/2"]
[WhiteElo "2053"]
[BlackElo "2147"]
[PlyCount "95"]
[EventDate "2017.01.14"]

1. c4 Nf6 2. Nc3 g6 3. e4 d6 4. d4 Bg7 5. Be2 O-O 6. Bg5 h6 7. Be3 c5 8. d5 e6
9. Qd2 exd5 10. exd5 Kh7 11. h3 Re8 12. Nf3 Bf5 13. O-O Ne4 14. Nxe4 Bxe4 15.
Rae1 Nd7 16. b3 Bxf3 17. Bxf3 f5 18. Bd1 Qf6 19. Bc2 Re7 20. Bf4 Rae8 21. Rxe7
Qxe7 22. Qe3 Qxe3 23. fxe3 Be5 24. Bxe5 Nxe5 25. e4 fxe4 26. Bxe4 Kg7 27. Bc2
Nd7 28. Kf2 Rf8+ 29. Ke2 Rxf1 30. Kxf1 Kf6 31. Ke2 g5 32. g4 Ke5 33. Ke3 Nf6
34. a4 h5 35. Bf5 hxg4 36. hxg4 b6 37. Be6 Ne4 38. Bf5 Nc3 39. Kd3 Na2 40. Ke3
Nb4 41. Bg6 Na6 42. Bf5 Nb4 43. Bg6 a6 44. Bf5 a5 45. Bg6 Na2 46. Bf5 Nc3 47.
Bc2 Na2 48. Bf5 1/2-1/2

[Event "1R-LV-P.D.- Calasanz - Portugalete: 2-2"]
[Site "Bergara"]
[Date "2017.01.14"]
[Round "1.1"]
[White "Gallastegi De La Fuente, Igor"]
[Black "Zabala Perez, Aritz"]
[Result "0-1"]
[WhiteElo "1769"]
[BlackElo "2015"]
[PlyCount "64"]
[EventDate "2017.01.14"]

1. e4 e6 2. d4 d5 3. Nd2 dxe4 4. Nxe4 Nd7 5. Nf3 Ngf6 6. Bd3 Nxe4 7. Bxe4 Nf6
8. Bd3 Be7 9. Bg5 O-O 10. Qd2 b6 11. O-O-O Bb7 12. h4 c5 13. dxc5 Qd5 14. Kb1
Qxc5 15. Qe2 h6 16. Ne5 Rad8 17. Bc1 Bd6 18. f4 h5 19. Nc4 g6 20. b3 Nd5 21.
Bb2 Be7 22. Rdf1 Bf6 23. Ne5 Nc3+ 24. Bxc3 Qxc3 25. Rhg1 Be7 26. g4 Ba3 27. Nc4
Bc5 28. gxh5 Bd4 29. Rxg6+ fxg6 30. Qxe6+ Kh8 31. Kc1 Rde8 32. Qxg6 Qe1+ 0-1

[Event "1R-LV-P.D.- Calasanz - Portugalete: 2-2"]
[Site "Bergara"]
[Date "2017.01.14"]
[Round "1.1"]
[White "Cano Cavero, Alberto Javier"]
[Black "Alvarez Fernandez, Sergio"]
[Result "1/2-1/2"]
[WhiteElo "1829"]
[BlackElo "1493"]
[PlyCount "35"]
[EventDate "2017.01.14"]

1. e4 c6 2. d3 d5 3. Nd2 dxe4 4. dxe4 Nf6 5. Be2 Nbd7 6. Ngf3 e6 7. O-O Be7 8.
Re1 O-O 9. c3 b6 10. Bd3 e5 11. Bc2 Ba6 12. Nf1 Qc7 13. Ng3 g6 14. b4 c5 15. a3
Rac8 16. Bb2 Rfd8 17. Qc1 Ne8 18. Bb3 1/2-1/2

[Event "1R-LV-P.D.- Egidazu/B. Gorbea - Orvina (B): 0'5-3'5"]
[Site "Bergara"]
[Date "2017.01.14"]
[Round "1.2"]
[White "Ladron De Guevara Galar, Fco J"]
[Black "Mombiela Martinez, Gonzalo"]
[Result "1/2-1/2"]
[WhiteElo "2148"]
[BlackElo "2131"]
[PlyCount "53"]
[EventDate "2017.01.14"]

1. d4 d5 2. c4 e6 3. Nf3 c6 4. Nbd2 f5 5. g3 Nf6 6. Bg2 Bd6 7. O-O O-O 8. b3 b6
9. Ne5 Bb7 10. Bb2 Qe7 11. Ndf3 Ne4 12. e3 a5 13. Rc1 Rc8 14. Ne1 Bxe5 15. dxe5
Na6 16. Nd3 Nb4 17. a3 Nxd3 18. Qxd3 Nc5 19. Qc2 a4 20. cxd5 cxd5 21. bxa4 Rxa4
22. Rfd1 Ba6 23. Bd4 Rc4 24. Qb1 Nb3 25. Rxc4 Bxc4 26. Qb2 Ra8 27. Bxb6 1/2-1/2

[Event "1R-LV-P.D.- Egidazu/B. Gorbea - Orvina (B): 0'5-3'5"]
[Site "Bergara"]
[Date "2017.01.14"]
[Round "1.2"]
[White "Sevilla Subiza, Javier"]
[Black "Arce Balluerca, Jorge"]
[Result "1-0"]
[WhiteElo "2088"]
[BlackElo "2018"]
[PlyCount "45"]
[EventDate "2017.01.14"]

1. d4 Nf6 2. Bg5 e6 3. e4 h6 4. Bxf6 Qxf6 5. c3 d6 6. Bd3 Nd7 7. Ne2 e5 8. O-O
Be7 9. f4 Qh4 10. Nd2 exf4 11. Nxf4 Nf6 12. g3 Qg4 13. Qb3 O-O 14. Rae1 c6 15.
Be2 Qg5 16. e5 dxe5 17. Nf3 Qf5 18. Nxe5 Bd8 19. Nfg6 Be6 20. Qxb7 Qg5 21. Nxf8
Qe3+ 22. Kh1 Ne4 23. Nxe6 1-0

[Event "1R-LV-P.D.- Egidazu/B. Gorbea - Orvina (B): 0'5-3'5"]
[Site "Bergara"]
[Date "2017.01.14"]
[Round "1.2"]
[White "Landa Ceballos, Jose A"]
[Black "Monje Peinado, Roberto"]
[Result "0-1"]
[WhiteElo "2021"]
[BlackElo "2056"]
[PlyCount "55"]
[EventDate "2017.01.14"]

1. e4 c5 2. Nf3 Nc6 3. d4 cxd4 4. Nxd4 e5 5. Nb5 d6 6. c4 Be7 7. N1c3 a6 8. Na3
Be6 9. Be2 Bg5 10. O-O Bxc1 11. Rxc1 Nge7 12. Nd5 O-O 13. Bg4 Nd4 14. f4 f5 15.
Nxe7+ Qxe7 16. fxe5 dxe5 17. exf5 Nxf5 18. Bxf5 Qc5+ 19. Kh1 Bxf5 20. Qd5+ Qxd5
21. cxd5 Be4 22. d6 Rxf1+ 23. Rxf1 Rd8 24. Rd1 b5 25. Kg1 Kf7 26. Re1 Bd3 27.
Rxe5 Rxd6 28. Kf2 0-1

[Event "1R-LV-P.D.- Egidazu/B. Gorbea - Orvina (B): 0'5-3'5"]
[Site "Bergara"]
[Date "2017.01.14"]
[Round "1.2"]
[White "Hernandorena De La Cruz, Egoi"]
[Black "Gomez Calvo, Jose Ricardo"]
[Result "1-0"]
[WhiteElo "2036"]
[BlackElo "1900"]
[PlyCount "133"]
[EventDate "2017.01.14"]

1. e4 e6 2. d4 d5 3. e5 c5 4. c3 Nc6 5. Nf3 Qb6 6. a3 c4 7. Be2 Na5 8. Nbd2 Bd7
9. O-O Ne7 10. Re1 O-O-O 11. Ng5 Be8 12. Bg4 h6 13. Nh3 g6 14. Nf1 Kb8 15. Qe2
Nec6 16. Bf4 Nb3 17. Rad1 Ne7 18. Kh1 Ba4 19. Rb1 Ka8 20. Bg3 h5 21. Bf3 Nf5
22. Bf4 Be7 23. Bg5 Qc7 24. Ne3 Bxg5 25. Nxg5 Qe7 26. Nxf5 gxf5 27. h4 Rdg8 28.
g3 Bd7 29. Kg2 Rg7 30. Bxh5 a6 31. Rh1 Ba4 32. Rh2 Rhg8 33. Qe3 Na5 34. Be2 Bc2
35. Rc1 Ba4 36. f4 Nb3 37. Rch1 Rh8 38. g4 fxg4 39. Bxg4 Na5 40. Qe2 Bd7 41.
Rf1 Nc6 42. Kh1 Nd8 43. Qf3 Rh6 44. f5 exf5 45. Bxf5 Be6 46. Bxe6 fxe6 47. Qf8
Ka7 48. Qxe7 Rxe7 49. Rf8 Nc6 50. Rf6 Rh8 51. Rxe6 Rg7 52. Kg2 Ne7 53. Kf3 Nf5
54. Kg4 Ne3+ 55. Kf4 Nf1 56. Rh1 Nd2 57. h5 Rhg8 58. Rg6 Rxg6 59. hxg6 Rxg6 60.
Kf5 Rg8 61. e6 Kb8 62. Rd1 Nb3 63. Kf6 Kc7 64. Re1 Na5 65. e7 Kd7 66. Kf7 Re8
67. Nh7 1-0

[Event "1R-LV-P.D.- Urnieta - Santa Ana S. XXI: 1'5-2'5"]
[Site "Bergara"]
[Date "2017.01.14"]
[Round "1.3"]
[White "Aguirre Canflanca, Josu"]
[Black "Roldan Marques, Daniel"]
[Result "0-1"]
[WhiteElo "2199"]
[BlackElo "2209"]
[PlyCount "135"]
[EventDate "2017.01.14"]

1. Nf3 d5 2. c4 c6 3. d4 e6 4. Qc2 b5 5. c5 Ne7 6. h4 h5 7. Bf4 Nf5 8. e3 a5 9.
a3 Be7 10. g3 O-O 11. Ne5 Bd7 12. Bd3 Na6 13. Nd2 Qc8 14. b3 Be8 15. g4 hxg4
16. h5 Nh4 17. Bh7+ Kh8 18. O-O-O Nf5 19. Bxf5 exf5 20. f3 Kg8 21. Rdg1 Bd7 22.
Nf1 b4 23. a4 Be6 24. Nh2 Bf6 25. h6 g5 26. fxg4 Bxe5 27. Bxe5 f6 28. Bd6 Rf7
29. Rf1 Bd7 30. gxf5 Kh7 31. Ng4 Nc7 32. Kb2 Ne8 33. Bg3 Ra7 34. Rf3 Kh8 35.
Re1 Re7 36. Re2 Re4 37. Nf2 Bxf5 38. Qd2 Bg4 39. Nxg4 Qxg4 40. Ref2 Rae7 41.
Bh2 Qe6 42. Re2 g4 43. Rg3 Qf5 44. Rgg2 Qg6 45. Bf4 Kh7 46. Rg3 Nc7 47. Reg2 f5
48. Bd6 Rf7 49. Rf2 Qe6 50. Bf4 Qe7 51. Rg1 Ne6 52. Be5 Ng5 53. Qe2 Nh3 54. Rh1
Nxf2 55. Qxf2 Rxe5 56. dxe5 Qe6 57. Qf4 Kg6 58. Kc2 Qe7 59. Kd2 Rh7 60. Qh2 Qg5
61. e6 g3 62. Qg1 Kf6 63. Rh3 f4 64. exf4 Qxf4+ 65. Ke2 Qe5+ 66. Kf3 Kxe6 67.
Qxg3 Rf7+ 68. Kg2 0-1

[Event "1R-LV-P.D.- Urnieta - Santa Ana S. XXI: 1'5-2'5"]
[Site "Bergara"]
[Date "2017.01.14"]
[Round "1.3"]
[White "Ortin Blanco, Inigo"]
[Black "Ortega Fuentes, Luis Angel"]
[Result "1/2-1/2"]
[WhiteElo "2147"]
[BlackElo "2136"]
[PlyCount "68"]
[EventDate "2017.01.14"]

1. d4 d5 2. c4 c6 3. cxd5 cxd5 4. Nc3 e6 5. Nf3 Nc6 6. Bf4 Bd6 7. Be5 Nf6 8. e3
Bxe5 9. Nxe5 Nxe5 10. dxe5 Nd7 11. f4 Qb6 12. Qd4 O-O 13. O-O-O a6 14. Kb1 Qxd4
15. exd4 b5 16. Bd3 f6 17. Ne2 Bb7 18. Rc1 Rac8 19. Rxc8 Rxc8 20. Rc1 Rxc1+ 21.
Nxc1 Nb8 22. Nb3 Nc6 23. a3 f5 24. Kc2 Kf7 25. Kc3 h6 26. Nc5 Bc8 27. Be2 g5
28. g3 g4 29. a4 b4+ 30. Kd3 Ke7 31. Ke3 Nb8 32. Nd3 Nc6 33. Nc5 Nb8 34. Kd2 h5
1/2-1/2

[Event "1R-LV-P.D.- Urnieta - Santa Ana S. XXI: 1'5-2'5"]
[Site "Bergara"]
[Date "2017.01.14"]
[Round "1.3"]
[White "Manso Marquez, Felix"]
[Black "Garrido Lasheras, David"]
[Result "1/2-1/2"]
[WhiteElo "2086"]
[BlackElo "2084"]
[PlyCount "86"]
[EventDate "2017.01.14"]

1. d4 b6 2. e4 Bb7 3. Bd3 e6 4. Nf3 Nf6 5. Nbd2 d5 6. Qe2 dxe4 7. Nxe4 Be7 8.
O-O O-O 9. Re1 Nxe4 10. Bxe4 Bxe4 11. Qxe4 Nd7 12. c4 Nf6 13. Qe2 Re8 14. Bg5
h6 15. Bh4 Nd7 16. Bxe7 Qxe7 17. Rad1 Qd6 18. b3 Rad8 19. Qe4 a5 20. Rd2 Nf6
21. Qe2 Qa3 22. Ne5 Rd6 23. Red1 Red8 24. c5 Rd5 25. Nc6 R8d7 26. h3 bxc5 27.
Ne5 Rd8 28. Nc6 Re8 29. dxc5 Qxc5 30. Rc2 Qd6 31. Rdc1 e5 32. Qe1 Ra8 33. Rc4
Nd7 34. Qc3 Rd3 35. Qc2 Nb6 36. Rc5 Rd2 37. Qc3 Rxa2 38. Rxe5 a4 39. Ne7+ Kh8
40. bxa4 R2xa4 41. Qxc7 Qxc7 42. Rxc7 Ra1+ 43. Kh2 R1a7 1/2-1/2

[Event "1R-LV-P.D.- Urnieta - Santa Ana S. XXI: 1'5-2'5"]
[Site "Bergara"]
[Date "2017.01.14"]
[Round "1.3"]
[White "Laguardia Ortega, Moises"]
[Black "Corral Sierra, Javier"]
[Result "1/2-1/2"]
[WhiteElo "2025"]
[BlackElo "2050"]
[PlyCount "64"]
[EventDate "2017.01.14"]

1. e4 c5 2. Nf3 Nc6 3. b3 d6 4. Bb5 Bd7 5. O-O Nf6 6. Re1 a6 7. Bf1 g6 8. c3
Bg7 9. d4 cxd4 10. cxd4 Bg4 11. Bb2 Nd7 12. Qd2 Bxf3 13. gxf3 O-O 14. Na3 b5
15. Nc2 Qb6 16. Red1 Rfd8 17. Ne3 Nf6 18. Rac1 d5 19. Bg2 e6 20. Nc2 b4 21. Ne1
a5 22. Qe3 h5 23. e5 Ne8 24. Rc2 Ne7 25. Bh3 Rdc8 26. Rdc1 Kh7 27. f4 Bh6 28.
Nf3 Rc7 29. Ng5+ Bxg5 30. fxg5 Rac8 31. Rxc7 Rxc7 32. Rxc7 Nxc7 {(Ilegible)}
1/2-1/2

[Event "1R-LV-P.D.- Sestao EDP (B) - San Viator: 1'5-2'5"]
[Site "Bergara"]
[Date "2017.01.14"]
[Round "1.5"]
[White "Sanchez Rodriguez, Ramon"]
[Black "Villalta Bustillo, Igor"]
[Result "1-0"]
[WhiteElo "1871"]
[BlackElo "2213"]
[PlyCount "95"]
[EventDate "2017.01.14"]

1. d4 f5 2. Nf3 Nf6 3. g3 g6 4. Bg2 Bg7 5. O-O O-O 6. c4 d6 7. b3 c6 8. Bb2 Kh8
9. Qc2 Be6 10. Nbd2 d5 11. Ne5 Nbd7 12. Nd3 Bg8 13. Rae1 Ne4 14. c5 Qe8 15. e3
h6 16. f3 Nxd2 17. Qxd2 Kh7 18. b4 e5 19. f4 e4 20. Ne5 Nxe5 21. dxe5 Qe6 22.
Bd4 Rf7 23. a4 Bf8 24. Rb1 Rc7 25. Rfc1 Bf7 26. Rb2 Be8 27. Bf1 Rac8 28. Rbc2
g5 29. b5 Rg7 30. Qa5 Ra8 31. Rb1 h5 32. Rg2 gxf4 33. exf4 b6 34. Qc3 bxc5 35.
Bxc5 Bxc5+ 36. Qxc5 cxb5 37. axb5 Rc8 38. Qd4 Rgc7 39. Rd2 Rc5 40. Ra2 Qb6 41.
Ra6 Qb7 42. Rba1 Qf7 43. Rxa7 R5c7 44. b6 Rd7 45. Bb5 e3 46. Bxd7 Bxd7 47. b7
Rg8 48. Ra8 1-0

[Event "1R-LV-P.D.- Sestao EDP (B) - San Viator: 1'5-2'5"]
[Site "Bergara"]
[Date "2017.01.14"]
[Round "1.5"]
[White "Albaina Alvarez, Alvaro"]
[Black "Wu Martin, Eneko"]
[Result "1-0"]
[WhiteElo "2054"]
[BlackElo "2032"]
[PlyCount "47"]
[EventDate "2017.01.14"]

1. e4 e5 2. Nf3 Nc6 3. Nc3 Nf6 4. Bb5 d6 5. d4 exd4 6. Nxd4 Bd7 7. O-O Be7 8.
Re1 O-O 9. Bxc6 bxc6 10. Bf4 Re8 11. e5 dxe5 12. Bxe5 Bd6 13. Bg3 Rb8 14. Nb3
Bg4 15. f3 Bf5 16. Bf2 Rxe1+ 17. Qxe1 Bxc2 18. Nd4 Rxb2 19. Qc1 Bxh2+ 20. Kxh2
Qd6+ 21. Kg1 Qb4 22. Nxc2 Qxc3 23. Bd4 Qxc2 24. Qxb2 1-0

[Event "1R-LV-P.D.- Sestao EDP (B) - San Viator: 1'5-2'5"]
[Site "Bergara"]
[Date "2017.01.14"]
[Round "1.5"]
[White "Estefano Rilova, Fernando"]
[Black "Rodal Bonet, Xoan"]
[Result "1/2-1/2"]
[WhiteElo "1861"]
[BlackElo "1992"]
[PlyCount "90"]
[EventDate "2017.01.14"]

1. e4 c5 2. Nf3 d6 3. d4 cxd4 4. Nxd4 Nf6 5. f3 g6 6. c4 Bg7 7. Be3 Nc6 8. Qd2
O-O 9. Nc3 Re8 10. Rd1 Be6 11. Be2 Ne5 12. b3 a6 13. O-O Rc8 14. Na4 Bd7 15.
Qb4 Bxa4 16. bxa4 Qc7 17. Rb1 Nfd7 18. Rfc1 Nc5 19. Qa3 Qd7 20. a5 Rc7 21. Nb3
Ne6 22. Bb6 Rc6 23. c5 dxc5 24. Nxc5 Nxc5 25. Rxc5 Qd2 26. Bf1 Nxf3+ 27. gxf3
Bd4+ 28. Kh1 Qf2 29. Rg5 Bxb6 30. axb6 Rxb6 31. Rxb6 Qxb6 32. Rg1 e6 33. f4 Qf2
34. Qg3 Qxa2 35. f5 exf5 36. exf5 Qd5+ 37. Bg2 Qxf5 38. Bxb7 a5 39. Bc6 Rc8 40.
Qd6 Qc2 41. Bd5 Qc7 42. Qa3 Qc5 43. Qa2 Rc7 44. Rf1 Qa7 45. Re1 Re7 1/2-1/2

[Event "1R-LV-P.D.- Sestao EDP (B) - San Viator: 1'5-2'5"]
[Site "Bergara"]
[Date "2017.01.14"]
[Round "1.5"]
[White "Zubizarreta Riego, Mikel"]
[Black "Oriza De Castro, Inigo"]
[Result "1-0"]
[WhiteElo "1925"]
[BlackElo "1748"]
[PlyCount "65"]
[EventDate "2017.01.14"]

1. e4 d6 2. d4 Nf6 3. Nc3 g6 4. f3 Bg7 5. Be3 O-O 6. Qd2 e5 7. g4 exd4 8. Bxd4
Nc6 9. Be3 Ne5 10. h4 h5 11. g5 Nfd7 12. O-O-O Nb6 13. Qf2 Be6 14. Bh3 Qe8 15.
Nge2 Nec4 16. Bd4 Ne5 17. f4 Bxh3 18. fxe5 c5 19. Rxh3 cxd4 20. Nxd4 Bxe5 21.
Ndb5 Qc6 22. Rhd3 Rad8 23. Nxa7 Qc7 24. Ncb5 Qc4 25. b3 Qxe4 26. Qxb6 Qxh4 27.
Qxb7 Qxg5+ 28. Kb1 Ra8 29. Nxd6 Qf6 30. Ne4 Qf5 31. Nc6 Kg7 32. Nc5 Qf2 33.
Ne6+ 1-0